logo

Bir Sreshtho Munshi Abdur Rouf Library
Jhenaidah Cadet College

Maya Mythology : (Record no. 13649)

MARC details
000 -LEADER
fixed length control field 00916cam a2200253 a 4500
001 - CONTROL NUMBER
JCCL Control Number 13649
003 - CONTROL NUMBER IDENTIFIER
JCCL marc code BD-JhCC
005 - DATE AND TIME OF LATEST TRANSACTION
control field 20240313125657.0
008 - FIXED-LENGTH DATA ELEMENTS--GENERAL INFORMATION
fixed length control field 030110r20211998ai ab b 001 0 eng
020 ## - INTERNATIONAL STANDARD BOOK NUMBER
International Standard Book Number 9780393070897
035 ## - SYSTEM CONTROL NUMBER
system control number (BD-JhCC)13649
040 ## - CATALOGING SOURCE
Original cataloging agency DLC
Transcribing agency DLC
Modifying agency DLC
041 ## - LANGUAGE CODE
Language code of Book english
050 00 - LIBRARY OF CONGRESS CALL NUMBER
Classification number DA16
Item number .F47 2003
082 00 - DEWEY DECIMAL CLASSIFICATION NUMBER
Classification number 909.0971241
DDC Edition number 21
Author mark and Year BER 2021
100 1# - MAIN ENTRY--PERSONAL NAME
Personal name Berg,Sebastian
245 10 - TITLE STATEMENT
Title Maya Mythology :
Remainder of title Myths and folklore of the Mayan civilization /
Statement of responsibility, etc Sebastian Berg
260 ## - PUBLICATION, DISTRIBUTION, ETC. (IMPRINT)
Place of publication, distribution, etc United States:
Name of publisher, distributor, etc Creek Ridge Publishing;
Date of publication, distribution, etc 2021.
300 ## - PHYSICAL DESCRIPTION
Pagination 57 p. :
Other physical details ill. (some col.), col. maps ;
Dimensions 22 cm.
650 #0 - SUBJECT ADDED ENTRY--TOPICAL TERM
Topical term or geographic name as entry element Maya mythology
Geographic subdivision Mythologie maya
856 42 - ELECTRONIC LOCATION AND ACCESS
Materials specified Contributor biographical information
Uniform Resource Identifier http://www.loc.gov/catdir/enhancements/fy0832/2003041469-b.html
856 42 - ELECTRONIC LOCATION AND ACCESS
Materials specified Publisher description
Uniform Resource Identifier http://www.loc.gov/catdir/enhancements/fy0832/2003041469-d.html
942 ## - ADDED ENTRY ELEMENTS (KOHA)
Source of classification or shelving scheme Dewey Decimal Classification
Koha item type Books
Holdings
Source of classification or shelving scheme Damaged status Not for loan Home library Current library Shelving location Date of accession Cost, normal purchase price Total Checkouts Full call number Barcode Checked out Date last seen Date checked out Copy number Method of acquisition Koha item type Currency
Dewey Decimal Classification     JCC Rouf Library JCC Rouf Library General Stacks   200.00 2 909.0971241 BER 2021 19100 05/30/2024 05/06/2024 05/06/2024 C-1 Purchase Books BDT

JCC Library | Contacts | JCC Home

Last Update on 23 September 2017
Copyright @ 2017-2020 JCC Rouf Library
Rouf Library, Jhenidah Cadet College (JCC), Bangladesh